000
00303nam a2200133Ia 4500
005
20251222140112.0
008
251222s1900||||xx |||||||||||||| ||spa||
020
_a
8870429695
082
_a
190/S27
100
_a
Savignano, Armando
245
0
_a
Unamuno, Ortega, Zubiri
264
_b
Guida
942
_c
LIB
999
_c
4327
_d
4327